| 000 | 00513nam a2200181Ia 4500 | ||
|---|---|---|---|
| 003 | IN-BaIIA | ||
| 008 | 211028s9999 xx 000 0 eng d | ||
| 020 | _a0-521-30268-4 | ||
| 040 | _cIIA Library | ||
| 080 |
_a523.9 _bZIR |
||
| 100 |
_aZirin, Harold _916576 |
||
| 245 | 0 |
_aAstrophysics of the sun _cHarold Zirin |
|
| 260 |
_aCambridge _bCambridge University Press _c1989 |
||
| 300 | _ax, 433p. | ||
| 650 |
_aAstrophysics _9794 |
||
| 650 |
_aSun _91200 |
||
| 942 | _cBK | ||
| 999 |
_c9791 _d9791 |
||